Principles of economics (Record no. 122)
[ view plain ]
| 000 -LEADER | |
|---|---|
| fixed length control field | 00443cam a2200205ua 4500 |
| 041 ## - LANGUAGE CODE | |
| Language code of text/sound track or separate title | eng |
| 082 ## - DEWEY DECIMAL CLASSIFICATION NUMBER | |
| Classification number | 330.1 |
| Item number | GAN/PR |
| 100 ## - MAIN ENTRY--AUTHOR NAME | |
| Personal name | Ganpathi, V. |
| 245 ## - TITLE STATEMENT | |
| Title | Principles of economics |
| 250 ## - EDITION STATEMENT | |
| Edition statement | / |
| 260 ## - PUBLICATION, DISTRIBUTION, ETC. (IMPRINT) | |
| Place of publication | : |
| Name of publisher | , |
| Year of publication | 1970. |
| 300 ## - PHYSICAL DESCRIPTION | |
| Number of Pages | 438 ; . |
| 700 1# - ADDED ENTRY--PERSONAL NAME | |
| Personal name | Vanish, M C. |
| 942 ## - ADDED ENTRY ELEMENTS (KOHA) | |
| Koha item type | Books |
| Withdrawn status | Lost status | Damaged status | Home library | Current library | Date acquired | Cost, normal purchase price | Full call number | Accession Number | Koha item type | Public note |
|---|---|---|---|---|---|---|---|---|---|---|
| Withdrawn | KAUAET | KAUAET | 28/01/2021 | 330.1 GAN/PR | 5160 | Books | ||||
| Withdrawn | KAUAET | Sanskrit University | 07/04/2012 | 7.00 | 330.1 | 7420 | Books | Transferred to Sanskrit University | ||
| Withdrawn | KAUAET | Sanskrit University | 07/04/2012 | 330.1 | 8033 | Books | Transferred to Sanskrit University |
